000 00875nam a2200217Ia 4500
003 Ost
005 20260507075512.0
008 260507s9999||||xx |||||||||||||| ||und||
040 _cfsecg
041 _aara
082 _a330
100 _aحسين، خليل
_eمؤلف
245 0 _aالسياسات العامة في الدول النامية /
_c خليل حسين
260 _aبيروت:
_bدار المنهل البناتي,
_c2007
300 _a590 صفحة؛
_bإيضاحات ؛
_c24 سم
520 _aالسياسات العامة وإدارة الدولة دراسة قضايا وحالات قطاعية،المؤسسات المالية والاقتصادية الدولية المؤثرة في سياسات الدول
653 _aالاقتصاد
653 _aالاقتصاد الدولي
653 _aالدول النامية
942 _cكتاب
999 _c44739
_d44739